THE STONES OF LANDANE / (Record no. 204338)
[ view plain ]
| 000 -LEADER | |
|---|---|
| fixed length control field | 01640nam a2200277 i 4500 |
| 003 - CONTROL NUMBER IDENTIFIER | |
| control field | OSt |
| 005 - DATE AND TIME OF LATEST TRANSACTION | |
| control field | 20260517165914.0 |
| 008 - FIXED-LENGTH DATA ELEMENTS--GENERAL INFORMATION | |
| fixed length control field | 260517t20252025-uk gr 00| 0beng d |
| 020 ## - INTERNATIONAL STANDARD BOOK NUMBER | |
| International Standard Book Number | 9781787588905 |
| Terms of availability | RM120.00 |
| Qualifying information | paperback |
| 040 ## - CATALOGING SOURCE | |
| Original cataloging agency | PPAK |
| Language of cataloging | eng |
| Transcribing agency | PPAK |
| Description conventions | rda |
| 082 04 - DEWEY DECIMAL CLASSIFICATION NUMBER | |
| Edition number | 23 |
| Classification number | 823.92 |
| 090 00 - LOCALLY ASSIGNED LC-TYPE CALL NUMBER (OCLC); LOCAL CALL NUMBER (RLIN) | |
| Classification number (OCLC) (R) ; Classification number, CALL (RLIN) (NR) | 823.92 |
| Feature heading | CAV |
| Feature heading | G |
| 100 1# - MAIN ENTRY--PERSONAL NAME | |
| Personal name | Cavendish, Catherine, |
| Relator term | author. |
| 245 14 - TITLE STATEMENT | |
| Title | THE STONES OF LANDANE / |
| Statement of responsibility, etc. | CATHERINE CAVENDISH |
| 264 #1 - PRODUCTION, PUBLICATION, DISTRIBUTION, MANUFACTURE, AND COPYRIGHT NOTICE | |
| Place of production, publication, distribution, manufacture | London ; |
| Name of producer, publisher, distributor, manufacturer | FLAME TREE PRESS, |
| Date of production, publication, distribution, manufacture, or copyright notice | [2025]? |
| Date of production, publication, distribution, manufacture, or copyright notice | ©2025 |
| 300 ## - PHYSICAL DESCRIPTION | |
| Extent | 231 pages ; |
| Dimensions | 22 cm |
| 336 ## - CONTENT TYPE | |
| Content type term | text |
| Source | rdacontent |
| 337 ## - MEDIA TYPE | |
| Media type term | unmediated |
| Source | rdamedia |
| 338 ## - CARRIER TYPE | |
| Carrier type term | volume |
| Source | rdacarrier |
| 520 ## - SUMMARY, ETC. | |
| Summary, etc. | A mysterious, psychological thriller from the ever-enthralling Catherine Cavendish 'Fear her now, fear the queen, As in her stone she reigns supreme...' When Jonathan agrees to accompany his girlfriend, Nadia, on a trip to Landane, he imagines a short relaxing break in the countryside. But he quickly discovers that Nadia isn't just drawn to the ancient Neolithic stone circle, she is obsessed by the megaliths. One in particular holds a fascination for her. Within hours, her personality begins to change, and it isn't long before Jonathan starts to fear for her sanity. Reaching far back into the past and up to the present day, those same stones have demonstrated powers beyond reason and, as Jonathan's girlfriend becomes increasingly distant from reality, some of the ghosts of the past begin to reappear. Now it isn't only Nadia who is in danger. |
| 650 10 - SUBJECT ADDED ENTRY--TOPICAL TERM | |
| Topical term or geographic name entry element | English fiction |
| Topical term or geographic name entry element | Horror |
| Topical term or geographic name entry element | Mystery fiction |
| 942 ## - ADDED ENTRY ELEMENTS (KOHA) | |
| Source of classification or shelving scheme | Dewey Decimal Classification |
| Koha item type | Book |
No items available.